| 000 | 00550nam a22002417a 4500 | ||
|---|---|---|---|
| 003 | UA-OsUOA | ||
| 001 | 24006 | ||
| 007 | ta | ||
| 008 | 20040204b un ||||| |||| 00| 0 ukr d | ||
| 100 | _aХесс Том | ||
| 090 |
_a322 _bХ40 |
||
| 942 | _cBK | ||
| 040 |
_aUA-OsUOA _brus _cUA-OsUOA _dUA-OsUOA |
||
| 245 | _aОтпусти народ мой | ||
| 300 | _a171 с. | ||
| 955 | _a0 | ||
| 041 | _arus | ||
| 080 | _a322 | ||
| 260 |
_aЭрусалим _bJerusalem House of Prayer _c1986 |
||
| 044 | _aRU | ||
| 650 | 7 | _2UDC | |
| 999 |
_c310269 _d310269 |
||